| 000 | 01320nam a2200325Ia 4500 | ||
|---|---|---|---|
| 001 | ebr10435071 | ||
| 003 | CaPaEBR | ||
| 006 | m u | ||
| 007 | cr cn||||||||| | ||
| 008 | 100804s2010 mdu sb 001 0 eng d | ||
| 010 | _z 2010033259 | ||
| 020 | _z9780765707932 (cloth : alk. paper) | ||
| 020 | _z9780765707956 (electronic) | ||
| 040 |
_aCaPaEBR _cCaPaEBR |
||
| 035 | _a(OCoLC)698590297 | ||
| 050 | 1 | 4 |
_aRJ507.A77 _bB43 2010eb |
| 082 | 0 | 4 |
_a618.92/89156 _222 |
| 100 | 1 |
_aBecker-Weidman, Arthur, _d1953- |
|
| 245 | 1 | 0 |
_aDevelopmental dyadic psychotherapy _h[electronic resource] : _bessential practices and methods / _cArthur Becker-Weidman ; foreword by Daniel A. Hughes. |
| 260 |
_aLanham : _bJason Aronson, _c2010. |
||
| 300 | _axii, 166 p. | ||
| 504 | _aIncludes bibliographical references and index. | ||
| 533 |
_aElectronic reproduction. _bPalo Alto, Calif. : _cebrary, _d2011. _nAvailable via World Wide Web. _nAccess may be limited to ebrary affiliated libraries. |
||
| 650 | 0 | _aAttachment behavior in children. | |
| 650 | 0 | _aChild psychotherapy. | |
| 650 | 0 | _aFamily psychotherapy. | |
| 655 | 7 |
_aElectronic books. _2local |
|
| 710 | 2 | _aebrary, Inc. | |
| 856 | 4 | 0 |
_uhttp://site.ebrary.com/lib/rucke/Doc?id=10435071 _zAn electronic book accessible through the World Wide Web; click to view |
| 999 |
_c148736 _d148736 |
||